Black Lightning Characters - Statistics

General Stats
  • This quiz has been taken 51 times
  • The average score is 10 of 31
Answer Stats
Hint Answer % Correct
Former principal of Garfield has Electrokineses Jefferson Pierce
96%
Daughter of above has super strength and in kinda bulletproof Anissa Pierce
83%
Sister of above most powerful meta in the family Jennifer Pierce
83%
Albino gangster Tobias Whale
83%
Talor, has an secret bunker underneath his shop Peter Gambi
79%
Gangster who died a lot but keeps getting brought back to live Lala
71%
Was shot and left paralyzed had an inplant which lets him walk again Khalil Payne
63%
Girlfriend of #3 she is a shapeshifter Grace Choi
58%
Deputy Chief of Freeland and best friend of #1 Bill Henderson
46%
Wife of above addicted to Green Light tries to stabalize the meta's Lynn Stewart
46%
Leader of the ASA Agent Odell
42%
Reverend of the church smuggles meta's out Freeland Jeremiah Holt
38%
Father of #1 Alvin Pierce
29%
Member of the shadow board brought back with her twin goons Lady Eve
29%
Friend of #4 has Terakineses Brandon
25%
Doctor in prison helping #2 to stabalize the meta's Helga Jace
25%
Right hand of the albino Syonide
21%
Former lover of the albino and bounty hunter very skilled with knives Giselle Cutter
17%
One of the pod kids can talk with any kind of tech TC
17%
Former right hand of the albino was killed by #5 Joey Toledo
13%
Former leader of the ASA Martin Proctor
13%
Died because of the cops later came back with the ability to let people say the truth Issa Williams
8%
Bar owner and DVD seller also part of the resistance Two-Bits
8%
One of the pod kids she is like an human shield Erica Morgan
4%
Major of the ASA Major Gray
4%
Helps #4 to control her powers Perenna
4%
Lives on a farm helping the meta's escape Freeland Anaya
0%
Sergeant of the ASA turned against them to help the meta's Gardner Grayle
0%
News reporter died in the Markovian invasion Jamillah Olsen
0%
New principal Principal Lowry
0%
Student at Garfield died trying to get back in Freeland Tavon Singley
0%
No matching quizzes found
Score Distribution
Percent of People with Each Score
Percentile by Number Answered
Your Score History
You have not taken this quiz